| 000 | 02088nam a22004211i 4500 | ||
|---|---|---|---|
| 001 | ebr10756316 | ||
| 003 | CaPaEBR | ||
| 006 | m o d | ||
| 007 | cr cn||||||||| | ||
| 008 | 120710s2012 nyu o 001 0 eng d | ||
| 020 | _z1576593444 (pbk.) | ||
| 020 | _z9781576593448 | ||
| 020 | _a9781576593554 (e-book) | ||
| 040 |
_aCaPaEBR _beng _erda _epn _cCaPaEBR |
||
| 035 | _a(OCoLC)861528318 | ||
| 041 | 1 |
_aeng _hlat |
|
| 050 | 1 | 4 |
_aB765.O52 _bE5 2012eb |
| 082 | 0 | 4 |
_a230/.2 _223 |
| 100 | 1 |
_aOlivi, Pierre Jean, _d1248 or 1249-1298. |
|
| 240 | 1 | 0 |
_aWorks. _kSelections. _lEnglish. _f2012 |
| 245 | 1 | 0 |
_aSpiritual warfare and six other spiritual writings / _cby Peter of John Olivi ; translation, introductions, and notes by Robert J. Karris. |
| 264 | 1 |
_aSt. Bonaventure, New York : _bFranciscan Institute Publications, _c2012. |
|
| 300 | _a1 online resource (129 pages) | ||
| 336 |
_atext _2rdacontent |
||
| 337 |
_acomputer _2rdamedia |
||
| 338 |
_aonline resource _2rdacarrier |
||
| 500 | _aIncludes indexes. | ||
| 505 | 0 | _aThe prayer of thanksgiving -- Lessons on growth in the spiritual life -- Remedies against spiritual temptations -- Commentary on Luke 1:26-38: Mary's devout prayer, vigilance, and loving obedience -- Treatise on the Lord's prayer -- The seven sentiments of Christ Jesus -- Spiritual warfare, or, The armed soldier. | |
| 588 | _aDescription based on print version record. | ||
| 590 | _aElectronic reproduction. Palo Alto, Calif. : ebrary, 2013. Available via World Wide Web. Access may be limited to ebrary affiliated libraries. | ||
| 650 | 0 | _aPhilosophy, Medieval. | |
| 650 | 0 | _aPhilosophy. | |
| 655 | 0 | _aElectronic books. | |
| 700 | 1 | _aKarris, Robert J. | |
| 776 | 0 | 8 |
_iPrint version: _aOlivi, Pierre Jean. _tSpiritual warfare and six other spiritual writings. _dSt. Bonaventure, New York : Franciscan Institute Publications, 2012 _h128 pages _z9781576593448 _w(DLC) 2012023680 |
| 797 | 2 | _aebrary. | |
| 856 | 4 | 0 |
_uhttp://site.ebrary.com/lib/rucke/Doc?id=10756316 _zAn electronic book accessible through the World Wide Web; click to view |
| 999 |
_c117959 _d117959 |
||